Nájde sa sedem statočných? SDŽ-DÚ - novo sa formujúca opozícia

Bibliographic Details
Main Author: (dv, vb) (Author)
Format: Article
Language:Slovak
Subjects:

MARC

LEADER 00000nab a2200000 a 4500
001 vtls000532352
003 SK-MaSNL
005 20260303184023.0
008 120928c1994 xo 0 slo
015 |a SNBRB19rr/mm-uuuuu 
035 |a CL0532490 
040 |a SNKBUCL  |b slo  |c SNKBUCL  |e AACR2 
041 0 |a slo 
044 |a xo  |c SK 
080 |a 329.14(437.6)SDĽ  |2 1981 
100 1 |a (dv, vb)  |4 aut  |9 1213688 
245 1 0 |a Nájde sa sedem statočných?  |b SDŽ-DÚ - novo sa formujúca opozícia  |c (dv, vb) 
610 2 7 |a Strana demokratickej ľavice  |2 snkbucl  |9 165260 
655 7 |a články z novín a časopisov  |2 snkbucl  |9 267496 
773 0 |t Smena  |g Roč. 47, č. 263 (14. 11. 1994), s. 1-2 
850 |a Slovenská národná knižnica v Martine  |a MTA001 
852 |a SNK  |b KIS3GCP 
958 |a RK 
992 |a RBX 
999 |c 2124446  |d 2126376